[Event "Leca da Palmeira op"]
[Site "Leca da Palmeira"]
[Date "2022.07.31"]
[Round "1"]
[White "Goncalves, Lucas Jordao"]
[Black "Motylev, Alexander"]
[Result "0-1"]
[WhiteElo "1813"]
[BlackElo "2632"]
[PlyCount "52"]
[EventDate "2022.07.31"]
[EventType "swiss"]
[EventRounds "9"]
[EventCountry "POR"]
[SourceTitle "CBM 209 Extra"]
[Source "ChessBase"]
[SourceDate "2022.09.30"]
[SourceVersion "1"]
[SourceVersionDate "2022.09.30"]
[SourceQuality "1"]

1. e4 c5 2. Nf3 d6 3. d4 cxd4 4. Nxd4 Nf6 5. Nc3 a6 6. Be3 e5 7. Nb3 Be6 8. f3 Nbd7 9. Qd2 h5 10. 0-0-0 Qc7 11. Be2 Rc8 12. Kb1 Be7 13. h4 b5 14. a3 Nb6 15. g3 Nc4 16. Qd3 Nxa3+ 17. bxa3 Qxc3 18. Qxc3 Rxc3 19. Bd2 Rc8 20. Bb4 d5 21. Bd3 dxe4 22. Bxe4 Nxe4 23. fxe4 Bxb4 24. axb4 Rc4 25. Nc5 Rxb4+ 26. Kc1 Ke7 0-1

[Event "Famalicao op 9th"]
[Site "Vila Nova de Famalicao"]
[Date "2022.07.26"]
[Round "3"]
[White "Campora, Daniel Hugo"]
[Black "Goncalves, Lucas Jordao"]
[Result "1-0"]
[WhiteElo "2397"]
[BlackElo "1813"]
[PlyCount "63"]
[EventDate "2022.07.25"]
[EventType "swiss"]
[EventRounds "9"]
[EventCountry "POR"]
[SourceTitle "CBM 209 Extra"]
[Source "ChessBase"]
[SourceDate "2022.09.30"]
[SourceVersion "1"]
[SourceVersionDate "2022.09.30"]
[SourceQuality "1"]

1. e4 e5 2. Nf3 Nc6 3. Bb5 a6 4. Ba4 Nf6 5. d3 b5 6. Bb3 d6 7. c3 Na5 8. Bc2 c5 9. 0-0 Be7 10. Re1 Nc6 11. Nbd2 0-0 12. Nf1 Bd7 13. h3 Qc7 14. Ne3 Rac8 15. a4 Nd4 16. cxd4 cxd4 17. Bb3 dxe3 18. Bxe3 bxa4 19. Bxa4 Qb7 20. Bxd7 Nxd7 21. Qa4 Rc6 22. Nd2 f5 23. Nc4 Bd8 24. Qa2 Kh8 25. exf5 Rxf5 26. Na5 Bxa5 27. Qxa5 h6 28. Rec1 Rxc1+ 29. Rxc1 Nc5 30. Qd8+ Kh7 31. Qxd6 Nb3 32. Rc7 1-0

[Event "POR-ch Rapid"]
[Site "Viseu"]
[Date "2022.06.10"]
[Round "3"]
[White "Rego, Pedro Filipe"]
[Black "Goncalves, Lucas Jordao"]
[Result "1/2-1/2"]
[WhiteElo "2251"]
[BlackElo "1813"]
[PlyCount "110"]
[EventDate "2022.06.10"]
[EventType "swiss (rapid)"]
[EventRounds "8"]
[EventCountry "POR"]
[SourceTitle "CBM 208 Extra"]
[Source "ChessBase"]
[SourceDate "2022.07.31"]
[SourceVersion "1"]
[SourceVersionDate "2022.07.31"]
[SourceQuality "1"]

1. d4 d5 2. c4 c6 3. Nc3 Nf6 4. e3 e6 5. Nf3 Nbd7 6. Bd3 Be7 7. b3 b6 8. Bb2 Bb7 9. Rc1 Rc8 10. 0-0 0-0 11. cxd5 exd5 12. Qe2 Re8 13. h3 Nf8 14. Ba6 Qc7 15. Bxb7 Qxb7 16. Qd3 Bd6 17. Ne2 Ng6 18. Rc2 Qd7 19. Bc1 Ne4 20. Nf4 Nxf4 21. exf4 Qf5 22. Ne5 Bxe5 23. fxe5 c5 24. dxc5 bxc5 25. Qxd5 Rxe5 26. Qc4 Nd6 27. Qc3 Nb5 28. Qd2 Nd4 29. Rc4 Rd8 30. Kh1 Rd7 31. Qf4 Qxf4 32. Bxf4 Re2 33. Rxc5 h6 34. Be3 Nc2 35. Rc3 Nxe3 36. Rxe3 Rxe3 37. fxe3 Rd2 38. a4 Rd3 39. Rb1 Rxe3 40. Rb2 Kf8 41. Kg1 Ke7 42. Kf2 Rc3 43. b4 Kd6 44. b5 Ra3 45. Rb4 Kc5 46. Rf4 f6 47. h4 Rc3 48. Rg4 g5 49. hxg5 hxg5 50. Re4 Rc4 51. Re6 Rxa4 52. Rxf6 Rf4+ 53. Rxf4 gxf4 54. Kf3 Kxb5 55. Kxf4 a5 1/2-1/2

[Event "Figueira da Foz op 13th"]
[Site "Figueira da Foz"]
[Date "2019.10.31"]
[Round "5"]
[White "Goncalves, Lucas Jordao"]
[Black "Pintor, Simao Maciel Abranc"]
[Result "0-1"]
[WhiteElo "1447"]
[BlackElo "2137"]
[PlyCount "94"]
[EventDate "2019.10.27"]
[EventType "swiss"]
[EventRounds "9"]
[EventCountry "POR"]
[SourceTitle "CBM 192 Extra"]
[Source "Chessbase"]
[SourceDate "2019.11.06"]
[SourceVersion "1"]
[SourceVersionDate "2019.11.06"]
[SourceQuality "1"]

1. e4 c5 2. Nf3 g6 3. d4 cxd4 4. Nxd4 Nc6 5. Nc3 Bg7 6. Be3 Nf6 7. Bc4 0-0 8. Bb3 Re8 9. 0-0 d6 10. h3 Na5 11. Re1 b6 12. Ba4 Bd7 13. Bxd7 Qxd7 14. Qd3 Rac8 15. f3 Nc4 16. Rab1 Qb7 17. Nb3 Nxe3 18. Qxe3 Nd7 19. f4 b5 20. Nd4 b4 21. Nce2 e5 22. fxe5 dxe5 23. Nb3 Rxc2 24. Rec1 Rec8 25. Rxc2 Rxc2 26. Qd3 Rc8 27. Rd1 Nb6 28. Rc1 Rxc1+ 29. Nexc1 Qc7 30. Qe2 Qc4 31. Qxc4 Nxc4 32. Nd3 Bf8 33. Kf2 f5 34. exf5 e4 35. Ndc5 gxf5 36. Na4 Bg7 37. g4 f4 38. Nbc5 Nxb2 39. Nxb2 Bd4+ 40. Ke2 Bxc5 41. Nc4 f3+ 42. Kf1 e3 43. Ne5 f2 44. Ke2 a5 45. h4 a4 46. h5 b3 47. axb3 a3 0-1

[Event "Figueira da Foz op 13th"]
[Site "Figueira da Foz"]
[Date "2019.10.27"]
[Round "1"]
[White "Garcia Dorado, Alberto"]
[Black "Goncalves, Lucas Jordao"]
[Result "1-0"]
[WhiteElo "2170"]
[BlackElo "1447"]
[PlyCount "95"]
[EventDate "2019.10.27"]
[EventType "swiss"]
[EventRounds "9"]
[EventCountry "POR"]
[SourceTitle "CBM 192 Extra"]
[Source "Chessbase"]
[SourceDate "2019.11.06"]
[SourceVersion "1"]
[SourceVersionDate "2019.11.06"]
[SourceQuality "1"]

1. d4 d5 2. c4 c6 3. Nf3 Nf6 4. Qc2 e6 5. Nbd2 Nbd7 6. g3 Bb4 7. Bg2 0-0 8. 0-0 Ba5 9. e4 dxe4 10. Nxe4 Nxe4 11. Qxe4 Nf6 12. Qc2 h6 13. Rd1 Bc7 14. Ne5 Qe7 15. Be3 Rd8 16. f4 Bd7 17. h3 Rab8 18. Rac1 Ne8 19. Qf2 f6 20. Nd3 Nd6 21. g4 Nf7 22. Nc5 e5 23. fxe5 fxe5 24. d5 cxd5 25. cxd5 Rf8 26. Na6 Nd6 27. Qd2 Ba5 28. Qxa5 bxa6 29. Qa3 Bb5 30. Bc5 Rbd8 31. Qe3 Qf6 32. b3 Qf4 33. Bxa7 e4 34. Qxf4 Rxf4 35. Be3 Rf7 36. Bb6 Rdd7 37. Rd2 Rfe7 38. Re1 g5 39. Bc5 Kg7 40. Bxd6 Rxd6 41. Rxe4 Rxe4 42. Bxe4 Kf6 43. Bg2 Ke5 44. Kf2 Rd8 45. Ke3 Kd6 46. Rf2 Kc5 47. Rf6 Rd6 48. b4+ 1-0

[Event "Ourense Campus 6th"]
[Site "Ourense"]
[Date "2019.07.07"]
[Round "9.8"]
[White "Goncalves, Lucas Jordao"]
[Black "Rodriguez Lopez, Rafael"]
[Result "0-1"]
[WhiteElo "1461"]
[BlackElo "2260"]
[PlyCount "46"]
[EventDate "2019.07.01"]
[EventType "swiss"]
[EventRounds "9"]
[EventCountry "ESP"]
[SourceTitle "EXT 2024"]
[Source "ChessBase"]
[SourceDate "2023.10.10"]
[SourceVersion "1"]
[SourceVersionDate "2023.10.10"]
[SourceQuality "1"]

1. e4 c5 2. Nf3 d6 3. d4 cxd4 4. Nxd4 Nf6 5. Nc3 a6 6. f3 e6 7. Be3 b5 8. a3 Nbd7 9. Qd2 Bb7 10. 0-0-0 Rc8 11. Kb1 Be7 12. Nb3 0-0 13. g4 Ne5 14. Be2 Nfd7 15. Nd4 Nb6 16. b3 Qc7 17. Kb2 d5 18. h4 b4 19. Nb1 bxa3+ 20. Nxa3 dxe4 21. Bf4 Nd5 22. Bh2 Bb4 23. Qc1 Qa5 0-1

[Event "Pontevedra op-B 6th"]
[Site "Pontevedra"]
[Date "2018.08.14"]
[Round "9"]
[White "Goncalves, Lucas Jordao"]
[Black "Dieguez Novoa, Pura"]
[Result "1-0"]
[WhiteElo "1434"]
[BlackElo "1236"]
[PlyCount "39"]
[EventDate "2018.08.08"]
[EventType "swiss"]
[EventRounds "9"]
[EventCountry "ESP"]
[SourceTitle "CBM 186 Extra"]
[Source "ChessBase"]
[SourceDate "2018.08.24"]
[SourceVersion "1"]
[SourceVersionDate "2018.08.24"]
[SourceQuality "1"]

1. e4 c5 2. Nf3 e6 3. d4 cxd4 4. Nxd4 Nc6 5. Nc3 Nf6 6. Be3 Be7 7. Bc4 0-0 8. f3 Qb6 9. Bb3 e5 10. Nf5 Qd8 11. Nxe7+ Qxe7 12. Bg5 h6 13. Nd5 Qd8 14. Nxf6+ gxf6 15. Bxh6 Ne7 16. f4 d6 17. f5 Kh7 18. Qh5 Rh8 19. Bf8+ Kg8 20. Qxf7# 1-0

[Event "Famalicao op 6th"]
[Site "Famalicao"]
[Date "2018.08.02"]
[Round "7"]
[White "Goncalves, Lucas Jordao"]
[Black "Andrade, Ricardo Sarmento"]
[Result "1-0"]
[WhiteElo "1434"]
[BlackElo "1728"]
[PlyCount "63"]
[EventDate "2018.07.29"]
[EventType "swiss"]
[EventRounds "9"]
[EventCountry "POR"]
[SourceTitle "CBM 185 Extra"]
[Source "ChessBase"]
[SourceDate "2018.07.29"]
[SourceVersion "1"]
[SourceVersionDate "2018.07.29"]
[SourceQuality "1"]

1. e4 e6 2. d4 d5 3. exd5 exd5 4. Nf3 Bd6 5. Bd3 Nc6 6. c3 Nge7 7. 0-0 Bg4 8. h3 Bh5 9. Re1 Qd7 10. Nbd2 0-0-0 11. b4 Ng6 12. Qc2 Nce7 13. Ne5 Bxe5 14. dxe5 Nf4 15. Nb3 Nxd3 16. Qxd3 Bg6 17. Qe3 b6 18. a4 Nf5 19. Qe2 Qc6 20. a5 Qxc3 21. axb6 axb6 22. Bg5 Qxb3 23. Bxd8 Rxd8 24. Ra8+ Kd7 25. e6+ Ke7 26. exf7+ Kf6 27. Rxd8 Bxf7 28. g4 Nd6 29. Qe5+ Kg6 30. Qh5+ Kf6 31. Rxd6+ cxd6 32. Qf5# 1-0

[Event "Famalicao op 6th"]
[Site "Famalicao"]
[Date "2018.07.30"]
[Round "3"]
[White "Goncalves, Lucas Jordao"]
[Black "Guimaraes, Alvaro JE"]
[Result "0-1"]
[WhiteElo "1434"]
[BlackElo "1801"]
[PlyCount "58"]
[EventDate "2018.07.29"]
[EventType "swiss"]
[EventRounds "9"]
[EventCountry "POR"]
[SourceTitle "CBM 185 Extra"]
[Source "ChessBase"]
[SourceDate "2018.07.29"]
[SourceVersion "1"]
[SourceVersionDate "2018.07.29"]
[SourceQuality "1"]

1. e4 e6 2. d4 d5 3. Nd2 c5 4. exd5 exd5 5. Ngf3 Nc6 6. Bb5 Bd6 7. 0-0 Nge7 8. dxc5 Bxc5 9. Bxc6+ bxc6 10. Nb3 Bb6 11. h3 0-0 12. Bf4 f6 13. Re1 Re8 14. Qe2 Bf5 15. Nbd4 Bg6 16. Qd2 Qd7 17. Re2 c5 18. Nb3 Rad8 19. Rae1 Kf8 20. a4 Qxa4 21. Ng5 fxg5 22. Bxg5 Rd7 23. g4 h6 24. Bh4 Qc6 25. f4 d4 26. Re6 Qf3 27. Rf1 Qxh3 28. Bxe7+ Rdxe7 29. Rxg6 Re2 0-1

[Event "Guimaraes op"]
[Site "Guimaraes"]
[Date "2017.09.03"]
[Round "3"]
[White "Goncalves, Lucas Jordao"]
[Black "Andrade, Ricardo Sarmento"]
[Result "1-0"]
[WhiteElo "1342"]
[BlackElo "1770"]
[PlyCount "107"]
[EventDate "2017.09.02"]
[EventType "swiss"]
[EventRounds "7"]
[EventCountry "POR"]
[SourceTitle "CBM 180 Extra"]
[Source "ChessBase"]
[SourceDate "2017.10.06"]
[SourceVersion "1"]
[SourceVersionDate "2017.10.06"]
[SourceQuality "1"]

1. e4 c5 2. Nf3 e6 3. c3 d5 4. exd5 exd5 5. d4 Nf6 6. Bg5 Nc6 7. Na3 Be6 8. Be2 h6 9. Bh4 a6 10. 0-0 c4 11. Nc2 Be7 12. Re1 0-0 13. Qc1 b5 14. Ne3 Re8 15. Nf1 Qb6 16. Ng3 b4 17. Rb1 Bg4 18. h3 Be6 19. Bd1 b3 20. a3 Kh8 21. Nh2 g5 22. Bxg5 hxg5 23. Qxg5 Nh7 24. Qd2 Bg5 25. f4 Bh4 26. Qf2 Bf5 27. Rc1 Rxe1+ 28. Qxe1 Rg8 29. Nhf1 Bd3 30. Qe3 Qd8 31. Be2 Bxe2 32. Nxe2 Qe7 33. Qf3 Qe4 34. Qxe4 dxe4 35. Ne3 Na5 36. Nf5 Bd8 37. Nd6 Kg7 38. Nxe4 Re8 39. N2g3 Bc7 40. Nc5 Bxf4 41. Nh5+ Kg6 42. Nxf4+ Kf5 43. Rf1 Kg5 44. Nxa6 Re4 45. Nd5 Re2 46. Rf2 Rxf2 47. Kxf2 Nf6 48. Nxf6 Kxf6 49. Nc5 Nc6 50. Kf3 Kg6 51. Ke4 Ne7 52. a4 f5+ 53. Kf3 Nc6 54. Kf4 1-0

[Event "Coimbra Queima das Fitas op"]
[Site "Coimbra"]
[Date "2016.04.23"]
[Round "3"]
[White "Carvalho, Vitor Manuel Moreir"]
[Black "Goncalves, Lucas Jordao"]
[Result "1-0"]
[WhiteElo "1512"]
[BlackElo "1143"]
[PlyCount "39"]
[EventDate "2016.04.22"]
[EventType "swiss"]
[EventRounds "7"]
[EventCountry "POR"]
[SourceTitle "EXT 2018"]
[Source "ChessBase"]
[SourceDate "2017.10.13"]
[SourceVersion "1"]
[SourceVersionDate "2017.10.13"]
[SourceQuality "1"]

1. e4 e5 2. Nf3 Nc6 3. Bc4 Bc5 4. c3 d6 5. d4 Bb6 6. Ng5 Nh6 7. Nf3 Ng8 8. dxe5 Nge7 9. exd6 cxd6 10. Bf4 Bc7 11. Ng5 0-0 12. Qh5 h6 13. Nxf7 Rxf7 14. Qxf7+ Kh8 15. Qh5 Qf8 16. Bg3 Na5 17. Qf7 Qd8 18. Nd2 Bd7 19. Bh4 Nac6 20. Bd5 1-0